000 01109nam a22002417a 4500
005 20120614170415.0
008 081007t xxu||||| |||| 00| 0 mar d
010 _aMAR-22451
020 _c150.00
_a9788190577947
035 _aMR-15109
037 _bD.B.Act /pub
082 _a891.46301
100 _949115
_aथोरात, हेमंत
245 _aअंधारातील चेहरा /
_cहेमंत थोरात
246 _bby Hemant Thorat
_aAndharatil Chehara
260 _aअमरावती
_bनभ प्रकाशन
_c2012
270 _bअमरावती
_aश्याम नगर,कॉंग्रेसनगर रोड,
300 _a160पृ.
_c22सेमी(अजिल्द)
650 _aमराठी कथासंग्रह
_951596
650 _aMarathi Short Stories
_951597
942 _2ddc
_cMR
_mथोरात
_h891.46301
999 _c69384
_d69384